00797cam a22002535i 4500999001900000001000900019005001700028008004100045020001800086040001300104082002100117245009300138260003000231300001100261490003800272650001600310650003600326650002400362700001900386700001500405700002000420942000700440952009600447 c118996d1189962167537320201026093329.0181001s2018 si |||| o |||| 0|eng  a9789811320408 cPK-LaUMT04a519.57223bTHE-10aTheory and Application of Uniform Experimental Designs /cby Kai-Tai Fang . . . [et al.] aBeijing :bSpringerc2018 a300 p.1 aLecture Notes in Statistics,v221 0aStatistics.14aStatistical Theory and Methods.24aApplied Statistics.1 aLiu, Min-Qian.1 aQin, Hong.1 aZhou, Yong-Dao. cBK 00104070a01b01d2020-10-10l0o519.57 THE-p135345r2020-10-10 00:00:00w2020-10-10yBK